000
00320 a2200109 4500
001
ART_30614
005
20260410162002.0
008
260409a
245
1
0
_a
Management del tercer milenio
100
1
_a
Vinitzky, Guillermo Mario
773
0
_t
Foro económico
_g
- Año III, Nº 4 (mayo 1997)
_w
REV30369
999
_c
31418
_d
31418